<?xml version="1.0" encoding="UTF-8"?>
<record
    xmlns:xsi="http://www.w3.org/2001/XMLSchema-instance"
    xsi:schemaLocation="http://www.loc.gov/MARC21/slim http://www.loc.gov/standards/marcxml/schema/MARC21slim.xsd"
    xmlns="http://www.loc.gov/MARC21/slim">

  <leader>02985cam a2200241 i 4500</leader>
  <datafield tag="999" ind1=" " ind2=" ">
    <subfield code="c">26625</subfield>
    <subfield code="d">26625</subfield>
  </datafield>
  <controlfield tag="008">210830s2022    enka     b    001 0 eng  </controlfield>
  <datafield tag="020" ind1=" " ind2=" ">
    <subfield code="a">9781789668407</subfield>
  </datafield>
  <datafield tag="020" ind1=" " ind2=" ">
    <subfield code="a">9781789668421</subfield>
    <subfield code="c">GBP49.99</subfield>
  </datafield>
  <datafield tag="041" ind1="0" ind2=" ">
    <subfield code="a">eng</subfield>
  </datafield>
  <datafield tag="082" ind1="0" ind2="0">
    <subfield code="2">23</subfield>
    <subfield code="a">658.785</subfield>
    <subfield code="b">R5141</subfield>
  </datafield>
  <datafield tag="100" ind1="1" ind2=" ">
    <subfield code="a">Richards, Gwynne,</subfield>
  </datafield>
  <datafield tag="245" ind1="1" ind2="0">
    <subfield code="a">Warehouse management :</subfield>
    <subfield code="b">the definitive guide to improving efficiency and minimizing costs in the modern warehouse /</subfield>
  </datafield>
  <datafield tag="250" ind1=" " ind2=" ">
    <subfield code="a">4th ed.</subfield>
  </datafield>
  <datafield tag="260" ind1=" " ind2=" ">
    <subfield code="a">London:</subfield>
    <subfield code="b">Kogan Page Limited,</subfield>
    <subfield code="c">2022.</subfield>
  </datafield>
  <datafield tag="300" ind1=" " ind2=" ">
    <subfield code="a">xi, 523 p. :</subfield>
    <subfield code="b">illustrations ;</subfield>
    <subfield code="c">24 cm</subfield>
  </datafield>
  <datafield tag="504" ind1=" " ind2=" ">
    <subfield code="a">Includes bibliographical references and index.</subfield>
  </datafield>
  <datafield tag="505" ind1="0" ind2=" ">
    <subfield code="a">Chapter - 00: Introduction;Chapter - 01: The role of the warehouse;Chapter - 02: Role of the warehouse manager;Chapter - 03: Warehouse processes - Receiving and put-away;Chapter - 04: Warehouse processes - Pick preparation;Chapter - 05: Goods-to-person and person-to-goods picking;Chapter - 06: Order-picking methods;Chapter - 07: Warehouse processes from replenishment to despatch and beyond;Chapter - 08: Information systems in the warehouse;Chapter - 09: Warehouse layout;Chapter - 10: Storage and handling equipment;Chapter - 11: Resourcing a warehouse;Chapter - 12: Warehouse costs;Chapter - 13: Performance measurement and management;Chapter - 14: Health and safety;Chapter - 15: The warehouse and the environment;Chapter - 16: The warehouse of the future;Chapter - 17: Appendix 1 Global warehouse costs;Chapter - 18: Appendix 2 Warehouse audit checklists;Chapter - 19: Bibliography;Chapter - 20: Websites of companies that have contributed to this book and other useful websites;Chapter - 21: Glossary</subfield>
  </datafield>
  <datafield tag="520" ind1=" " ind2=" ">
    <subfield code="a">"Modern warehouses are capitalizing on cutting-edge technologies, new operating models and innovative practices to maximize their role in the wider supply chain. Understand how to successfully manage these warehouses with this bestselling guide.Warehouse Management guides the reader through all aspects of successful managing a warehouse, its operations and distribution. This bestselling book covers an extensive range of key topics from defining the modern warehouse, detailing management processes, strategies and practices to outlining how to tackle environmental challenges to ensure a sustainable supply chain. With practical insights into how to improve operating costs, increase efficiency and reduce costs, this is a must read for optimizing warehouse performance. The fourth edition of Warehouse Management is fully updated to include up to date information across the board. The latest technologies in warehousing, such as robotics, cobots and AI, are explained and their impact is situated alongside discussions on the future of warehousing. Gwynne Richards provides expert advice with clear and easy to grasp solutions. New and updated online resources provide support to readers"--</subfield>
  </datafield>
  <datafield tag="650" ind1=" " ind2="0">
    <subfield code="a">Warehouses</subfield>
    <subfield code="x">Management.</subfield>
  </datafield>
  <datafield tag="650" ind1=" " ind2="0">
    <subfield code="a">Business logistics.</subfield>
  </datafield>
  <datafield tag="650" ind1=" " ind2="0">
    <subfield code="a">Materials management.</subfield>
  </datafield>
  <datafield tag="942" ind1=" " ind2=" ">
    <subfield code="2">ddc</subfield>
    <subfield code="c">BK</subfield>
  </datafield>
  <datafield tag="952" ind1=" " ind2=" ">
    <subfield code="0">0</subfield>
    <subfield code="1">0</subfield>
    <subfield code="2">ddc</subfield>
    <subfield code="4">0</subfield>
    <subfield code="6">658_785000000000000_R5141</subfield>
    <subfield code="7">0</subfield>
    <subfield code="9">51363</subfield>
    <subfield code="a">CL</subfield>
    <subfield code="b">CL</subfield>
    <subfield code="c">REF</subfield>
    <subfield code="d">2023-06-22</subfield>
    <subfield code="e">4</subfield>
    <subfield code="g">3333.61</subfield>
    <subfield code="o">658.785 R5141</subfield>
    <subfield code="p">14061</subfield>
    <subfield code="r">2023-06-22</subfield>
    <subfield code="v">5053.99</subfield>
    <subfield code="y">BK</subfield>
  </datafield>
  <datafield tag="952" ind1=" " ind2=" ">
    <subfield code="0">0</subfield>
    <subfield code="1">0</subfield>
    <subfield code="2">ddc</subfield>
    <subfield code="4">0</subfield>
    <subfield code="6">658_785000000000000_R5141</subfield>
    <subfield code="7">0</subfield>
    <subfield code="9">51364</subfield>
    <subfield code="a">CL</subfield>
    <subfield code="b">CL</subfield>
    <subfield code="d">2023-06-22</subfield>
    <subfield code="e">4</subfield>
    <subfield code="g">3333.61</subfield>
    <subfield code="l">1</subfield>
    <subfield code="o">658.785 R5141</subfield>
    <subfield code="p">14062</subfield>
    <subfield code="r">2023-12-18</subfield>
    <subfield code="s">2023-12-08</subfield>
    <subfield code="v">5053.99</subfield>
    <subfield code="y">BK</subfield>
  </datafield>
  <datafield tag="952" ind1=" " ind2=" ">
    <subfield code="0">0</subfield>
    <subfield code="1">0</subfield>
    <subfield code="2">ddc</subfield>
    <subfield code="4">0</subfield>
    <subfield code="6">658_785000000000000_R5141</subfield>
    <subfield code="7">0</subfield>
    <subfield code="9">51365</subfield>
    <subfield code="a">CL</subfield>
    <subfield code="b">CL</subfield>
    <subfield code="d">2023-06-26</subfield>
    <subfield code="e">4</subfield>
    <subfield code="g">3333.61</subfield>
    <subfield code="l">1</subfield>
    <subfield code="o">658.785 R5141</subfield>
    <subfield code="p">14145</subfield>
    <subfield code="r">2023-12-18</subfield>
    <subfield code="s">2023-12-08</subfield>
    <subfield code="v">5053.99</subfield>
    <subfield code="y">BK</subfield>
  </datafield>
</record>
